| 000 | 00506nam a22001697a 4500 | ||
|---|---|---|---|
| 999 |
_c9218 _d9218 |
||
| 008 | 210330b ||||| |||| 00| 0 eng d | ||
| 040 | _aBMS College of Architecture | ||
| 100 | _aPoonacha, Prathigna | ||
| 245 | _aHolistic helth resort Valnoor Coorg | ||
| 300 | _a51p. | ||
| 500 | _a1BM02AT010 | ||
| 502 |
_8B.Arch _NBMS College of Architecture, Visvesvaraya Technological University _aProject report _d2006 |
||
| 650 | _aResort | ||
| 650 | _aCoorg | ||
| 700 |
_aRajan Sridhar _eGuide |
||
| 942 |
_2ddc _cTHE |
||